=LDR 00000nam 2200000 4500 =001 INLIS000000000050923 =005 20170807075611 =035 ##$$a 0010-0817000106 =007 ta =008 170807###########################0###### =020 ##$$a 978-602-242-544-1 =082 ##$$a 899.221 3 =084 ##$$a 899.221 3 FAR h =100 #$$a Farida Hisna Shabila =245 1#$$a Hello Sister /$c Farida Hisna Shabila =260 ##$$a Bandung :$b Dar! mazian,$c 2015 =300 ##$$a 147 hlm : $b ilus. ; $c 20 cm =500 ##$$a Biografi : hlm. 147 =650 ##$$a Fiksi Indonesia =990 ##$$a 90109010 =990 ##$$a 31701598